=LDR 00000nam 2200000 4500 =001 INLIS000000000003534 =005 20130612091833 =008 ***********************************Ind** =035 ##$$0010-061300000003534 =041 ##$$a Ind =082 ##$$a 610.796 =090 ##$$a 610.796, Lew b =100 ##$$a Lewer, Helen =245 ##$$a Belajar merawat di bangsal anak, Helen Lewer =260 ##$$a 1993 $b Jakarta =300 ##$$a 179 hlm., ilus., 21 cm =650 ##$$a Perawat dan perawatan =650 ##$$a Bangsal anak =850 ##$$a NBPNMAT